000
00310nam a2200097Ia 4500
082
_a
780|SHAW
245
0
_a
The South African music business
100
_a
Shaw, Jonathan G., , 1981- Johannesburg, South Africa, [c.2010] 2nd ed
_9
66092
942
_c
BK
008
210817s9999 xx 000 0 und d
999
_c
211767
_d
211765